Koncepcia stratégie na podporu rozvoja destinačných organizácií cestovného ruchu (OOCR a KOCR) diplomová práca

Salvato in:
Dettagli Bibliografici
Autore principale: Homolová, Zuzana
Ente Autore: Obchodná fakulta EU. Katedra marketingu
Altri autori: Filo, Peter
Natura: Libro
Lingua:slovacco
Pubblicazione: Bratislava 2013
Tags: Aggiungi Tag
Nessun Tag, puoi essere il primo ad aggiungerne!!

MARC

LEADER 00000nbm a2200000 4500
001 0169521
005 20161109102309.7
041 0 |a slo 
044 |a SK 
245 1 0 |a Koncepcia stratégie na podporu rozvoja destinačných organizácií cestovného ruchu (OOCR a KOCR)  |b diplomová práca  |c Zuzana Homolová ; školiteľ: Peter Filo 
264 1 |a Bratislava  |c 2013 
300 |a 75 s. 
100 1 |a Homolová, Zuzana 
700 1 |a Filo, Peter 
710 2 |a Obchodná fakulta EU. Katedra marketingu